| 000 | 00368 a2200145 4500 | ||
|---|---|---|---|
| 005 | 20250628091138.0 | ||
| 020 | _a0-07-09110TCP0987654 | ||
| 082 | _a658 MAN | ||
| 245 | _aManagerial Accounting | ||
| 250 | _a6th Ed. | ||
| 260 |
_aNew York, _bMcGraw Hill, _c2004 |
||
| 300 |
_axxv,707p.; ill.; figure _bIndex _c27cm |
||
| 700 | _aGARRISON, R. et all... | ||
| 942 |
_2ddc _cBKS |
||
| 999 |
_c5916 _d5916 |
||